Stejnosměrné zesilovače

Salvato in:
Dettagli Bibliografici
Autore principale: Mirtes, Bohuslav (Autore)
Natura: Libro
Lingua:ceco
Pubblicazione: Praha : SNTL, 1965
Edizione:1. vyd.
Tags: Aggiungi Tag
Nessun Tag, puoi essere il primo ad aggiungerne!!

MARC

LEADER 00000nam a22000003a 4500
001 stu53351
005 20150617225702.5
008 000427s1965----cs------------------cze-d
040 |a STU  |b slo 
041 0 |a cze 
044 |a cs 
080 |a 621.375.1.024 
100 1 |a Mirtes, Bohuslav  |4 aut 
245 1 |a Stejnosměrné zesilovače 
250 |a 1. vyd. 
260 |a Praha :  |b SNTL,  |c 1965 
300 |a 345 s 
996 |b E11861  |c E*11861  |l EE11  |s P  |a 0  |w stu53351_0002 
996 |b 284EK04279  |c E*11834  |l EE0101  |s P  |a 0  |w stu53351_0003 
996 |b 284EK04280  |c E*11836  |l EE01  |s A  |a 24  |w stu53351_0004